| 000 -ლიდერი |
| ფიქსირებული სიგრძის საკონტროლო ველი |
01447nam a2200229Ia 4500 |
| 001 - საკონტროლო ნომერი |
| საკონტროლო ველი |
3633 |
| 003 - საკონტროლო ნომრის იდენტიფიკატორი |
| საკონტროლო ველი |
GE_BSU |
| 005 - ბოლო ოპერაციის თარიღი და დრო |
| საკონტროლო ველი |
20190603173410.0 |
| 008 - ფიქსირებული სიგრძის მონაცემთა ელემენტები - ზოგადი ინფორმაცია |
| ფიქსირებული სიგრძის საკონტროლო ველი |
181216s1987||||ge |||||||||||||| ||geo|| |
| 040 ## - კატალოგიზაციის წყარო |
| Transcribing agency |
GE_BSU |
| 080 ## - უნივერსალური ათობითი კლასიფიკაციის ინდექსი |
| Universal Decimal Classification number |
656.13(035.3) ა–34 |
| 245 ## - ცნობა სათაურის შესახებ |
| Title |
ავტოტრანსპორტის ტერმინოლოგია = Автотранспортная терминология : |
| Remainder of title |
(რუსულ-ქართული და ქართულ-რუსული ნაწილები) / |
| Statement of responsibility, etc |
რ.დვალისა და რ. ღამბაშიძის რედ–ით; შემდგ.: ი.მ.ქოჩიაშვილი ; გ.ი.მეძმარიაშვილი ; ვ.ს.ახალაძე. |
| 264 ## - წარმოების, გამოცემის, დისტრიბუციის და სხვა ცნობები |
| გამოცემის, წარმოების, დისტრიბუციის... ადგილი |
თბილისი : |
| გამოცემის, წარმოების, დისტრიბუციის... სახელწოდება |
განათლება, |
| გამოცემის, წარმოების, დისტრიბუციის... თარიღი |
განათლება. |
| 300 ## - ფიზიკური აღწერა |
| Extent |
264 გვ .: |
| Dimensions |
22 სმ. |
| 653 ## - INDEX TERM--UNCONTROLLED |
| Uncontrolled term |
ავტოტრანსპორტის ტერმინოლოგია |
| 700 ## - ADDED ENTRY--PERSONAL NAME |
| Personal name |
დვალი, რ |
| Relator term |
რედაქციით |
| 9 (RLIN) |
1528 |
| 700 ## - ADDED ENTRY--PERSONAL NAME |
| Personal name |
ღამბაშიძე, რ |
| Relator term |
რედაქციით |
| 9 (RLIN) |
1113 |
| 700 ## - ADDED ENTRY--PERSONAL NAME |
| Personal name |
ქოჩიაშვილი, ი.მ |
| Relator term |
შემდგენელი |
| 9 (RLIN) |
2018 |
| 700 ## - ADDED ENTRY--PERSONAL NAME |
| Personal name |
მეძმარიაშვილი, ი.გ |
| Relator term |
შემდგენელი |
| 9 (RLIN) |
2019 |
| 700 ## - ADDED ENTRY--PERSONAL NAME |
| Personal name |
ახალაძე, ვ.ს |
| Relator term |
შემდგენელი |
| 9 (RLIN) |
2020 |
| 942 ## - ADDED ENTRY ELEMENTS (KOHA) |
| Koha item type |
წიგნი |
| Source of classification or shelving scheme |
|